| 000 | 00370cam a2200145ua 4500 | ||
|---|---|---|---|
| 041 |
_amal _h |
||
| 082 |
_a894.8122 _bPAD/AA |
||
| 100 | _aPadmanabhan, T.A . | ||
| 245 |
_aAagraham / _cT.A.Padmanabhan. _hTextual Documents |
||
| 260 |
_aThuravoor : _bSree Narasimha Vilasam Book Depot , _c1956. |
||
| 300 | _a112 ; . | ||
| 504 | _a | ||
| 942 | _cBK | ||
| 999 |
_c1184 _d1184 |
||